Design for good acoustics / (Record no. 184037)
[ view plain ]
| 000 -LEADER | |
|---|---|
| fixed length control field | 00715 a2200169 4500 |
| 003 - CONTROL NUMBER IDENTIFIER | |
| control field | Nust |
| 005 - DATE AND TIME OF LATEST TRANSACTION | |
| control field | 20221201121233.0 |
| 040 ## - CATALOGING SOURCE | |
| Transcribing agency | Nust |
| 082 ## - DEWEY DECIMAL CLASSIFICATION NUMBER | |
| Classification number | 534,MOO |
| 100 ## - MAIN ENTRY--PERSONAL NAME | |
| Personal name | Moore, John Edwin. |
| 9 (RLIN) | 45426 |
| 245 ## - TITLE STATEMENT | |
| Title | Design for good acoustics / |
| Statement of responsibility, etc. | Edward D. Mills. |
| 260 ## - PUBLICATION, DISTRIBUTION, ETC. | |
| Place of publication, distribution, etc. | London, |
| Name of publisher, distributor, etc. | Architectural Press |
| Date of publication, distribution, etc. | [1961] |
| 300 ## - PHYSICAL DESCRIPTION | |
| Extent | 91 p. illus. |
| Other physical details | 22 cm. |
| 505 ## - FORMATTED CONTENTS NOTE | |
| Formatted contents note | Forward (Page-5), Acknowledgements (Page-8), Introduction (Page-9), The Properties of sound (Page-11), The Bchaviour of Sound in an Enclosed Space (Page-19), Design for Good Acoustics (Page-33), Examples and their Individual Requirements (Page-52), Appendix (Page-75). |
| 650 ## - SUBJECT ADDED ENTRY--TOPICAL TERM | |
| Topical term or geographic name entry element | Design for good acoustics. |
| 9 (RLIN) | 103892 |
| 942 ## - ADDED ENTRY ELEMENTS (KOHA) | |
| Source of classification or shelving scheme | |
| Koha item type | Book |
| Call number prefix | 534,MOO |
| Withdrawn status | Lost status | Source of classification or shelving scheme | Damaged status | Not for loan | Permanent Location | Current Location | Shelving location | Date acquired | Full call number | Barcode | Date last seen | Price effective from | Koha item type | Public note |
|---|---|---|---|---|---|---|---|---|---|---|---|---|---|---|
| Military College of Signals (MCS) | Military College of Signals (MCS) | General Stacks | 12/12/2016 | 534,MOO | MCS6526 | 12/08/2016 | 12/12/2016 | Book | Almirah No.16, Shelf No.3 |
